| 000 | 00451nam a2200181Ia 4500 | ||
|---|---|---|---|
| 001 | 43353 | ||
| 008 | 140425s9999 xx 000 0 und d | ||
| 020 | _aNA | ||
| 040 | _cPK-LaUMT | ||
| 082 |
_aRHC 327 _bABD-A |
||
| 100 | _aAbdul Rashid Arshad | ||
| 245 |
_aAakhiri saleebi jang (Urdu) _cAbdul Rashid Arshad |
||
| 260 |
_aJoharabad,Pakistan: _bAl-Noor Trust, _cNA |
||
| 300 | _a272 p. | ||
| 546 | _aUR | ||
| 650 | _aForeign affairs | ||
| 942 | _cBK | ||
| 999 |
_c41363 _d41363 |
||